000 00301nam a2200109Ia 4500
008 200302s9999 xx 000 0 und d
100 _aSylvia Leydecker
245 _aDesigning the Patient room a new approach to healthcare interiors
260 _bBirkhauser Verlag Gmbh
260 _c2017
300 _a170
999 _c6182
_d6182